| 000 | 01196nam a2200301 a 4500 | ||
|---|---|---|---|
| 001 | ebr10698315 | ||
| 003 | CaPaEBR | ||
| 006 | m o u | ||
| 007 | cr cn||||||||| | ||
| 008 | 130524s2008 stka sb 001 0 eng d | ||
| 020 | _z9781420073485 | ||
| 020 | _z9781904445456 | ||
| 020 | _z9781904445975 (e-book) | ||
| 040 |
_aCaPaEBR _cCaPaEBR |
||
| 035 | _a(OCoLC)849933577 | ||
| 050 | 1 | 4 |
_aTD812 _b.R34 2008eb |
| 100 | 1 | _aRahman, A. | |
| 245 | 1 | 0 |
_aDecommissioning and radioactive waste management _h[electronic resource] / _cA. Rahman. |
| 260 |
_aDunbeath, Scotland : _bWhittles Pub. ; _aBoca Raton, Fla. : _bCRC Press, _c2008. |
||
| 300 |
_axiii, 448 p. : _bill. |
||
| 504 | _aIncludes bibliographical references and index. | ||
| 533 |
_aElectronic reproduction. _bPalo Alto, Calif. : _cebrary, _d2013. _nAvailable via World Wide Web. _nAccess may be limited to ebrary affiliated libraries. |
||
| 650 | 0 | _aRadioactive waste disposal. | |
| 650 | 0 |
_aRadioactive waste sites _xCleanup. |
|
| 655 | 7 |
_aElectronic books. _2local |
|
| 710 | 2 | _aebrary, Inc. | |
| 856 | 4 | 0 |
_uhttp://site.ebrary.com/lib/rucke/Doc?id=10698315 _zAn electronic book accessible through the World Wide Web; click to view |
| 999 |
_c7619 _d7619 |
||